Walt Disney Animation Studios Films - Statistics

General Stats
  • This quiz has been taken 536 times
    414 since last reset
  • The average score is 28 of 55
Answer Stats
Year Answer % Correct
1937 Snow White and The Seven Dwarfs
94%
1950 Cinderella
89%
1959 Sleeping Beauty
84%
1991 Beauty and the Beast
76%
2013 Frozen
76%
1998 Mulan
74%
1989 The Little Mermaid
74%
1992 Aladdin
73%
1940 Fantasia
73%
1994 The Lion King
73%
2010 Tangled
71%
1941 Dumbo
70%
1940 Pinocchio
69%
1942 Bambi
66%
2016 Moana
66%
1953 Peter Pan
66%
1995 Pocahontas
66%
1967 The Jungle Book
62%
1997 Hercules
58%
1970 The Aristocats
58%
1999 Tarzan
56%
1955 Lady and the Tramp
55%
1977 The Rescuers
54%
1973 Robin Hood
52%
2009 The Princess and The Frog
49%
1951 Alice In Wonderland
48%
1996 The Hunchback of Notre Dame
46%
2012 Wreck-It Ralph
43%
2001 Atlantis: The Lost Empire
42%
1977 The Many Adventures of Winnie the Pooh
42%
2016 Zootopia
42%
2002 Lilo and Stitch
41%
1961 One Hundred and One Dalmations
41%
2011 Winnie the Pooh
40%
2008 Bolt
39%
1985 The Black Cauldron
39%
1990 The Rescuers Down Under
39%
2002 Treasure Planet
38%
2000 The Emperor's New Groove
37%
1963 The Sword in the Stone
37%
1981 The Fox and The Hound
36%
2014 Big Hero 6
35%
2005 Chicken Little
35%
1988 Oliver and Company
35%
2000 Dinosaur
34%
2003 Brother Bear
33%
1986 The Great Mouse Detective
33%
1945 The Three Caballeros
33%
2007 Meet the Robinsons
30%
1947 Fun and Fancy Free
28%
1946 Make Mine Music
27%
1943 Saludos Amigos
27%
2004 Home on the Range
26%
1948 Melody Time
25%
1949 The Adventures of Ichabod and Mr. Toad
21%
No matching quizzes found
Score Distribution
Percent of People with Each Score
Percentile by Number Answered
Your Score History
You have not taken this quiz since the last reset